Подробности
| 000 -МАРКЕР |
| контрольное поле |
01401nam2a2200253 4500 |
| 001 - ИДЕНТИФИКАТОР ЗАПИСИ |
| контрольное поле |
RU\NLR\BIBL_A\022204066 |
| 005 - ИДЕНТИФИКАТОР ВЕРСИИ |
| контрольное поле |
20250625160216.0 |
| 035 ## - ДРУГИЕ СИСТЕМНЫЕ НОМЕРА |
| Идентификатор записи |
(NLR Aleph) 022204066 |
| 100 ## - ДАННЫЕ ОБЩЕЙ ОБРАБОТКИ |
| Данные общей обработки |
20081111d1912 |||y0rusy50 ca |
| 101 0# - ЯЗЫК РЕСУРСА |
| Язык текста, звукозаписи и т.д. |
русский |
| 102 ## - СТРАНА ПУБЛИКАЦИИ ИЛИ ПРОИЗВОДСТВА |
| Страна публикации |
российская федерация |
| 105 ## - ПОЛЕ КОДИРОВАННЫХ ДАННЫХ: ТЕКСТОВЫЕ МАТЕРИАЛЫ, МОНОГРАФИЧЕСКИЕ |
| Кодированные данные о монографическом текстовом документе |
y zw 000yy |
| 200 1# - ЗАГЛАВИЕ И СВЕДЕНИЯ ОБ ОТВЕТСТВЕННОСТИ |
| Основное заглавие |
Условия действенности молитвы |
| Сведения, относящиеся к заглавию |
слово в день св. пророка Илии (20-го июля) |
| -- |
[протоиерей И. Виноградов] |
| 210 ## - ПУБЛИКАЦИЯ, РАСПРОСТРАНЕНИЕ И ДР. |
| Дата издания, распространения и т.д. |
1912 |
| Имя изготовителя |
Типография, Литография и Переплетная И. Скальскаго |
| Место издания, распространения и т.д. |
Б. м. |
| 215 ## - ФИЗИЧЕСКАЯ ХАРАКТЕРИСТИКА |
| Специфическое обозначение материала и объем |
4 с. |
| 461 #0 - УРОВЕНЬ НАБОРА |
| Встроенное поле |
001v19\rc\2065452 |
| -- |
2001#$aАфоно-Ильинский листок$v1912 г., № 47 |
| Системный номер (АБИС) связанной записи |
4806829 |
| Место публикации |
[Одесса] |
| Дата публикации |
1899-[1915] |
| Первые сведения об ответственности |
издание русскаго Св.-Ильинскаго скита на Афоне |
| Имя издателя, распространителя и т.д. |
печатано в типографии Епархиальн. Дома |
| Заглавие |
Афоно-Ильинский листок |
| Номер тома |
1912 г., № 47 |
| 518 1# - ЗАГЛАВИЕ В СТАНДАРТНОМ СОВРЕМЕННОМ ПРАВОПИСАНИИ |
| Основное заглавие, вариант заглавия или унифицированное заглавие |
В неделю третью Великого поста |
| 701 #1 - ИМЯ ЛИЦА - АЛЬТЕРНАТИВНАЯ ОТВЕТСТВЕННОСТЬ |
| Графика поля |
Кириллица |
| Материалы, к которым относится поле |
rus |
| Начальный элемент ввода |
Виноградов |
| Часть имени, кроме начального элемента ввода |
И. |
| Дополнения к именам, кроме дат |
духов. литератор, священнослужитель |
| Системный номер авторитетной/нормативной записи |
269335 |
| Идентификатор авторитетной/нормативной записи |
RU\NLR\AUTH\770269391 |
| 852 ## - МЕСТОНАХОЖДЕНИЕ И ШИФР ХРАНЕНИЯ |
| Идентификатор организации |
NLR |
| Шифр хранения (Call Number) |
20.37.9.352(1912-47) |
| 942 ## - ДОПОЛНИТЕЛЬНЫЕ ЭЛЕМЕНТЫ ЗАПИСИ (АБИС) |
| Тип экземпляра АБИС |
Книга |
| 980 ## - КОЛЛЕКЦИЯ |
| Название коллекции |
Национальная библиография |